[Event "Luiz Rego Memorial 6th"]
[Site "Teresina"]
[Date "2018.08.03"]
[Round "2"]
[White "Dos Angelos, Leonardo Silva"]
[Black "Mekhitarian, Krikor Sevag"]
[Result "0-1"]
[WhiteElo "1938"]
[BlackElo "2554"]
[PlyCount "70"]
[EventDate "2018.08.03"]
[EventType "swiss"]
[EventRounds "6"]
[EventCountry "BRA"]
[SourceTitle "CBM 186 Extra"]
[Source "ChessBase"]
[SourceDate "2018.08.24"]
[SourceVersion "1"]
[SourceVersionDate "2018.08.24"]
[SourceQuality "1"]

1. e4 c5 2. Nf3 e6 3. d4 cxd4 4. Nxd4 a6 5. Bd3 Bc5 6. Nb3 Be7 7. 0-0 d6 8. Nc3 Nf6 9. Kh1 0-0 10. f4 Qc7 11. a4 b6 12. Be3 Bb7 13. Qe1 Nbd7 14. Qg3 Kh8 15. Bd4 e5 16. fxe5 dxe5 17. Be3 Nh5 18. Qf2 Nf4 19. Bxf4 exf4 20. Nd5 Bxd5 21. exd5 Bd6 22. Qh4 g6 23. Nd2 f5 24. c4 Nc5 25. Bc2 a5 26. Nf3 Qg7 27. Rab1 Ne4 28. Rfe1 Rae8 29. Re2 Ng3+ 30. hxg3 Rxe2 31. Bd3 Re3 32. Bc2 fxg3 33. Ng5 Be7 34. Qf4 Bxg5 35. Qxg5 Qe5 0-1